Direct and alternating current circuits : conventional current version

Αποθηκεύτηκε σε:
Λεπτομέρειες βιβλιογραφικής εγγραφής
Κύριος συγγραφέας: Grob, Bernard
Μορφή: Βιβλίο
Γλώσσα:English
Δημοσίευση: New York : McGraw-Hill, c1986
Θέματα:
Ετικέτες: Προσθήκη ετικέτας
Δεν υπάρχουν, Καταχωρήστε ετικέτα πρώτοι!

MARC

LEADER 00000nam a2200000 i 4500
001 1/40276
008 971113s1986 eng d
020 |a 0-07-024959-8 
035 |a 1997  |c ΔΩΡΕΑ ΤΖΑΦΕΡΗ  |l 10041215 
040 |a GR-MY-UA  |b gre  |e aacr 
041 0 |a eng 
082 0 |a 621.38153 
100 1 |a Grob, Bernard. 
245 1 0 |a Direct and alternating current circuits :  |b conventional current version /  |c Bernard Grob 
260 |a New York :   |b McGraw-Hill,   |c c1986 
300 |a xii, 610 p.;  |b ill. (some col.);  |c 26 cm. 
500 |a "Adapted from Basic electronics, fifth edition." 
500 |a Includes bibliographies and index 
650 0 0 |a Electric circuits. 
650 0 0 |a Electronic circuits. 
852 |a INST  |b SAMOS  |e 19971113  |h 621.38153 GRO  |p 005300008511  |q 005300008511  |t BK  |y 0 
901 |a BIBL-1997-2 
909 |a Σ  |b 050470